000 01469nam1a22002891i 4500
001 rc\4199906
005 20240921164351.0
035 _a(NLR Aleph) 008202314
090 _a8044642
_c8044642
100 _a20130415d1952 |||y0rusy50 ca
101 0 _arus
102 _aRU
105 _a z |||||
200 1 _aТретичные млекопитающие
_eПо материалам Монгол. палеонтол. экспедиции Акад. наук СССР. [1948-1949 гг.
_eСборник статей
_fОтв. ред. Ю.А. Орлов
_gПредисл. В. Громова]. Вып. 1-
210 _aМосква
_cИзд-во Акад. наук СССР
_d1952
215 _d26
225 1 _aАкадемия наук СССР. Труды Палеонтологического института
606 _aМлекопитающие ископаемые
_zТретичный период
_yЮг России
_2psbo
606 _aМлекопитающие ископаемые
_zТретичный период
_yМонголия
_2psbo
606 _aТретичные отложения
_yМонголия
_2psbo
702 1 _4340
_7ca
_8rus
_aОрлов
_bЮ. А.
_cд-р биол. наук, палеонтолог
_f1893-1966
_gЮрий Александрович
_9200165
_3RU\NLR\AUTH\770200216
702 1 _aГромов
_bВ.
_4080
801 0 _aRU
_bNLR
_gpsbo
801 1 _aRU
_bELAR
_2rusmarc
852 _aNLR
_jП7/122
942 _cBOOK